| 000 | 00994nam a22002417a 4500 | ||
|---|---|---|---|
| 005 | 20090724135734.0 | ||
| 008 | 090608t xxu||||| |||| 00| j hin d | ||
| 010 | _aHIN-93352 | ||
| 020 |
_a90244124 _c150.00 |
||
| 035 | _aHN-65698 | ||
| 037 | _bDBAD / PUB | ||
| 040 |
_aDPL _bHN |
||
| 082 | _a646.26 | ||
| 100 |
_aराय, राज किरन _91372 |
||
| 245 |
_aत्वचा की देखभाल / _cराज किरन राय |
||
| 260 |
_aइलाहाबाद _bलीला प्रकाशन _c2009 |
||
| 270 |
_a140/111, पी.डी.कीडगंज _bइलाहाबाद _e211003 |
||
| 300 |
_a64पृ. _c22सेमी (सजिल्द) _bसचित्र |
||
| 650 | _91169 | ||
| 650 | _929837 | ||
| 942 |
_2ddc _cHN _mरायरा _h646.26 |
||
| 999 |
_c54197 _d54197 |
||